Beginn der Kriege seit dem 2. Weltkrieg - Statistiken

Allgemein
  • Dieses Quiz wurde 280 mal gespielt
  • Das Durchschnittsergebnis liegt bei 4 aus 10
Antwortstatistiken
Name des Krieges Beginn % Korrekt
Zweiter Weltkrieg 1939
93%
Koreakrieg 1950
83%
Jugoslawienkriege 1991
76%
Irakkrieg 2003
71%
Vietnamkrieg 1955
63%
Syrischer Bürgerkrieg 2011
62%
Afghanischer Bürgerkrieg und sowjetische Intervention 1979
57%
Erster Golfkrieg 1980
51%
Zweiter Japanisch-Chinesischer Krieg 1937
39%
Chinesischer Bürgerkrieg 1928
20%
Bangladesch-Krieg 1971
20%
Bürgerkrieg in Angola 1975
20%
Bürgerkrieg in Ruanda 1990
17%
Sezessionskrieg im Südsudan 1983
16%
Zweiter Kongokrieg 1998
16%
Bürgerkrieg in Uganda 1979
15%
Bürgerkrieg in Mosambik 1976
13%
Eritreas Unabhängigkeitskrieg 1961
12%
Bürgerkrieg in der Demokratischen Republik Kongo 1991
12%
1. Bürgerkrieg in Libanon 2011
12%
Biafra-Krieg, Nigeria 1967
11%
Somalischer Bürgerkrieg 1988
11%
2. Bürgerkrieg in Libanon 2014
10%
Keine übereinstimmenden Quizze gefunden
Verteilung der Resultate
Anzahl Personen mit jedem Resultat
Perzentil nach korrekt beantworteten Fragen
Ihre Resultats-Entwicklung
Sie haben dieses Quiz noch nicht gespielt